Statistics for Anatomy of the Retina on a Click Map

Click here to take the quiz!

General Stats

  • This quiz has been taken 18 times
  • The average score is 4 of 10

Answers on the Map

Answers color-coded by a green-red scale on the quiz's map according to % correct below.
 

Answer Stats

Answer% Correct
Optic Nerve
62%
Ganglion Cell
54%
Retinal Pigment Epithelium
54%
Horizontal Cell
46%
Müller Cell
46%
Rod
46%
Amacrine Cell
31%
Bipolar Cell
31%
Choroid
31%
Cone
31%

Score Distribution

Percentile by Number Answered

Percent of People with Each Score

Your Score History

You have not taken this quiz